MD Things Quiz Stats

 Plays Quiz Updated Apr 5, 2013

Also try: A Bunch of BS
Challenge
Share
Tweet
Embed
Score 0/20 Timer 06:00
3 Plays Today
Clue Initials 'MD' % Correct
The whale in the famous novel by Herman Melville sought by Captain AhabMoby Dick
92.1%
Star of 'Good Will Hunting' and the 'Bourne' trilogyMatt Damon
92%
Use this if you want to find coins or aluminum cans on the beachMetal Detector
91.2%
Citrus lemon PepsiCo soft drink that comes in Code Red and Baja Blast varietiesMountain Dew
81.1%
Federal U.S. Holiday observed on the final Monday of MayMemorial Day
79.6%
Schizophrenia, anorexia, or any of several illnesses manifested as psychological or behavioral abnormalityMental Disorder
75.6%
Hereditary muscle disease now talked about in commercial by Clay Matthews; one type is DuchenneMuscular Dystrophy
65.3%
The person who is charged with assigning customers to tables in a restaurant or hotelMaître d’Hôtel
62.7%
The belief by Americans that they (the Americans) were obligated to expand westward across the North American continentManifest Destiny
61.5%
An academic recognition given to those that have undergone study and demonstrating an expertise of a specific field of studyMaster's Degree
58.2%
Clue Initials 'MD' % Correct
A form of government in which total and supreme power rests with the armed forcesMilitary Dictatorship
51.6%
Legendary jazz trumpeter of 'Round About MidnightMiles Davis
49%
Any technique, such as ROY G. BIV (for colors of the rainbow), that aids in the memory of somethingMnemonic Device
45.5%
U.S. foreign policy introduced by the 5th President that had a corollary added to it by Teddy RooseveltMonroe Doctrine
43.7%
The location in which the One Ring was forged and destroyed in 'The Lord of the Rings'Mount Doom
42.4%
It is located north of the Sonoran Desert in southern CaliforniaMojave Desert
36.3%
The region in southern Vietnam where the world's 10th longest river empties into the seaMekong Delta
28.4%
A system, or the technology involved in, protecting a ship from ballistic weapons such as torpedoesMissile Defense
27.2%
Virginia Woolf novel about the life of Clarissa in post-World War I EnglandMrs. Dalloway
13.2%
It is principally used in dry-cell batteries and in the oxidation of allylic alcoholsManganese Dioxide
2.6%

You're not logged in!

Compare scores with friends on all Sporcle quizzes.
OR
Log In

You Might Also Like...

Show Comments

Extras

Top Quizzes Today


Score Distribution

Your Account Isn't Verified!

In order to create a playlist on Sporcle, you need to verify the email address you used during registration. Go to your Sporcle Settings to finish the process.

Report this User

Report this user for behavior that violates our Community Guidelines.

Details: